| 000 -LEADER |
| fixed length control field |
01695nam a22004097a 4500 |
| 001 - CONTROL NUMBER |
| control field |
12241254 |
| 003 - CONTROL NUMBER IDENTIFIER |
| control field |
OSt |
| 005 - DATE AND TIME OF LATEST TRANSACTION |
| control field |
20210426101431.0 |
| 008 - FIXED-LENGTH DATA ELEMENTS--GENERAL INFORMATION |
| fixed length control field |
001127r20012000nyua b 001 0deng |
| 010 ## - LIBRARY OF CONGRESS CONTROL NUMBER |
| LC control number |
00067699 |
| 020 ## - INTERNATIONAL STANDARD BOOK NUMBER |
| International Standard Book Number |
0374115613 (hardcover : alk. paper) |
| 040 ## - CATALOGING SOURCE |
| Original cataloging agency |
DLC |
| Transcribing agency |
DLC |
| Modifying agency |
DLC |
| Language of cataloging |
eng |
| 041 ## - LANGUAGE CODE |
| Language code of text/sound track or separate title |
eng |
| 043 ## - GEOGRAPHIC AREA CODE |
| Geographic area code |
e-uk--- |
| 050 00 - LIBRARY OF CONGRESS CALL NUMBER |
| Classification number |
PR3533.B7 |
| Item number |
S57 2001 |
| 080 ## - UNIVERSAL DECIMAL CLASSIFICATION NUMBER |
| Universal Decimal Classification number |
92 |
| Item number |
S-64 |
| 082 00 - DEWEY DECIMAL CLASSIFICATION NUMBER |
| Classification number |
828/.609 |
| -- |
B |
| Edition number |
21 |
| 100 1# - MAIN ENTRY--PERSONAL NAME |
| Personal name |
Sisman, Adam. |
| 245 10 - TITLE STATEMENT |
| Title |
Boswell's presumptuous task : |
| Remainder of title |
the making of the life of Dr. Johnson / |
| Statement of responsibility, etc. |
/ by: Farrar, Straus, and Giroux |
| 250 ## - EDITION STATEMENT |
| Edition statement |
1st American edition |
| 260 ## - PUBLICATION, DISTRIBUTION, ETC. |
| Place of publication, distribution, etc. |
New York : |
| Name of publisher, distributor, etc. |
Farrar, Straus, and Giroux |
| Date of publication, distribution, etc. |
2001. |
| 300 ## - PHYSICAL DESCRIPTION |
| Extent |
xxii, 351 p. |
| Other physical details |
ill. |
| Dimensions |
24 cm. |
| 365 ## - TRADE PRICE |
| Price amount |
25 usd |
| 500 ## - GENERAL NOTE |
| General note |
Originally published: London : Penguin, 2000. |
| 504 ## - BIBLIOGRAPHY, ETC. NOTE |
| Bibliography, etc. note |
Includes bibliographical references (p. [333]-335) and index. |
| 600 10 - SUBJECT ADDED ENTRY--PERSONAL NAME |
| Personal name |
Boswell, James, |
| Dates associated with a name |
1740-1795. |
| Title of a work |
Life of Samuel Johnson. |
| 600 10 - SUBJECT ADDED ENTRY--PERSONAL NAME |
| Personal name |
Johnson, Samuel, |
| Dates associated with a name |
1709-1784. |
| 650 #0 - SUBJECT ADDED ENTRY--TOPICAL TERM |
| Topical term or geographic name entry element |
Authors, English |
| General subdivision |
Biography |
| -- |
History and criticism. |
| 650 #0 - SUBJECT ADDED ENTRY--TOPICAL TERM |
| Topical term or geographic name entry element |
Biography |
| 9 (RLIN) |
237 |
| 650 #0 - SUBJECT ADDED ENTRY--TOPICAL TERM |
| Topical term or geographic name entry element |
Biography as a literary form. |
| 653 ## - INDEX TERM--UNCONTROLLED |
| Uncontrolled term |
ბიოგრაფია |
| 856 42 - ELECTRONIC LOCATION AND ACCESS |
| Materials specified |
Contributor biographical information |
| Uniform Resource Identifier |
<a href="http://www.loc.gov/catdir/enhancements/fy0667/00067699-b.html">http://www.loc.gov/catdir/enhancements/fy0667/00067699-b.html</a> |
| 856 42 - ELECTRONIC LOCATION AND ACCESS |
| Materials specified |
Publisher description |
| Uniform Resource Identifier |
<a href="http://www.loc.gov/catdir/enhancements/fy0667/00067699-d.html">http://www.loc.gov/catdir/enhancements/fy0667/00067699-d.html</a> |
| 906 ## - LOCAL DATA ELEMENT F, LDF (RLIN) |
| a |
7 |
| b |
cbc |
| c |
orignew |
| d |
1 |
| e |
ocip |
| f |
20 |
| g |
y-gencatlg |
| 942 ## - ADDED ENTRY ELEMENTS (KOHA) |
| Source of classification or shelving scheme |
|
| Koha item type |
Books |
| Edition |
1 |